| 000 | 00513nam a22001817a 4500 | ||
|---|---|---|---|
| 999 |
_c2604 _d2604 |
||
| 003 | AR-CdUCM | ||
| 008 | 190305b ||||| |||| 00| 0 spa d | ||
| 040 |
_aMUNICIPALIDAD PROVINCIAL DEL CUSCO _cBIBLIOTECA MUNICIPAL DEL CUSCO |
||
| 082 |
_a800 / _bSC29 |
||
| 100 |
_aSchutz, Roger _99182 |
||
| 245 | _aLa violencia de los pacíficos / | ||
| 260 |
_aBarcelona : _bHerder, _c1970. |
||
| 300 |
_a178 páginas ; _c18 cm. |
||
| 650 |
_aFrancia _91444 |
||
| 650 |
_aDiario _99183 |
||
| 942 |
_2ddc _cLIBROS |
||
| 945 | _aafb | ||